South Eastern Kenya University

Library Online Public Access Catalogue


Math study skills / (Record no. 4388)

MARC details
000 -LEADER
fixed length control field 00849cam a22003137i 4500
001 - CONTROL NUMBER
control field 17467918
003 - CONTROL NUMBER IDENTIFIER
control field OSt
005 - DATE AND TIME OF LATEST TRANSACTION
control field 20150625163724.0
008 - FIXED-LENGTH DATA ELEMENTS--GENERAL INFORMATION
fixed length control field 120919s2013 maua 000 0 eng d
010 ## - LIBRARY OF CONGRESS CONTROL NUMBER
LC control number 2012949773
020 ## - INTERNATIONAL STANDARD BOOK NUMBER
International Standard Book Number 9780321893079 (pbk)
020 ## - INTERNATIONAL STANDARD BOOK NUMBER
International Standard Book Number 0321893077 (pbk)
035 ## - SYSTEM CONTROL NUMBER
System control number (OCoLC)ocn813924575
040 ## - CATALOGING SOURCE
Original cataloging agency SEKU
050 00 - LIBRARY OF CONGRESS CALL NUMBER
Classification number QA 11
Item number .B3
100 1# - MAIN ENTRY--PERSONAL NAME
Personal name Bass, Alan,
Dates associated with a name 1973-
245 10 - TITLE STATEMENT
Title Math study skills /
Statement of responsibility, etc. Alan Bass.
250 ## - EDITION STATEMENT
Edition statement 2nd edition.
264 #1 - PRODUCTION, PUBLICATION, DISTRIBUTION, MANUFACTURE, AND COPYRIGHT NOTICE
Place of production, publication, distribution, manufacture Boston :
Name of producer, publisher, distributor, manufacturer Pearson,
Date of production, publication, distribution, manufacture, or copyright notice [2013]
300 ## - PHYSICAL DESCRIPTION
Extent 91 p. :
Other physical details ill.
650 #0 - SUBJECT ADDED ENTRY--TOPICAL TERM
Topical term or geographic name as entry element Mathematics
General subdivision Study and teaching.
650 #0 - SUBJECT ADDED ENTRY--TOPICAL TERM
Topical term or geographic name as entry element Mathematics
Form subdivision Problems, exercises, etc.
650 #0 - SUBJECT ADDED ENTRY--TOPICAL TERM
Topical term or geographic name as entry element Study skills.
650 #7 - SUBJECT ADDED ENTRY--TOPICAL TERM
Topical term or geographic name as entry element Mathematics.
650 #7 - SUBJECT ADDED ENTRY--TOPICAL TERM
Topical term or geographic name as entry element Mathematics
General subdivision Study and teaching.
650 #7 - SUBJECT ADDED ENTRY--TOPICAL TERM
Topical term or geographic name as entry element Study skills.
655 #7 - INDEX TERM--GENRE/FORM
Genre/form data or focus term Problems, exercises, etc.
942 ## - ADDED ENTRY ELEMENTS (KOHA)
Source of classification or shelving scheme Library of Congress Classification
Koha item type General circulation
Holdings
Withdrawn status Lost status Source of classification or shelving scheme Damaged status Not for loan Home library Current library Shelving location Date acquired Source of acquisition Total Checkouts Full call number Barcode Date last seen Price effective from Koha item type Public note
    Library of Congress Classification     Main Campus Library Main Campus Library General Stacks 25/06/2015 Donation-Books for Africa   QA 11 .B3 2015/000826 25/06/2015 25/06/2015 General circulation JCL
    Library of Congress Classification     Main Campus Library Main Campus Library General Stacks 26/06/2015 Donation-Books for Africa   QA 11 .B3 2015/000820 26/06/2015 26/06/2015 General circulation JCL
Kitui, Kenya.
+254736116989
library@seku.ac.ke